00716nam a2200205 4500010001300000020001500013035001300028037001800041040001200059082001600071100002000087245005700107250001100164260004500175270005000220300006100270505013300331650002800464650001800492 aB-110391 a8180380130 aB-110391 bCen Lib / Ret aDPLbEN a345.54bSAR aSarvaria, S. K. aR.A. Nelson's Indian Penal Code /cby S. K, Sarvaria a9th ed aNew DelhibLexisNexis Butterworthsc2003 aC-38A, First Floor Gali no. 13bDelhie110092 a(v 1. lxxxviii, 1466 ; v 2. lxxii, 1467-2614p)c27cm(Hb) a4 v ; v 1. Sections 1-160 ; v 2. Sections 161-298; v. 3. Sections 299-377(not available) ; v 4. Sections 378-511.(not available) aCriminal law -- India.  aCriminal law.